Statistics for Countries with the Most Shia Muslims with Map

Click here to take the quiz!

General Stats

  • This quiz has been taken 83 times
  • The average score is 12 of 15

Answers on the Map

Answers color-coded by a green-red scale on the quiz's map according to % correct below.
 

Answer Stats

# ShiasAnswer% Shia% Correct
69 500 000Iran90%
100%
24 000 000Iraq65%
100%
3 000 000Afghanistan15%
95%
25 272 000Pakistan15%
95%
2 400 000Syria13%
95%
18 500 000India2%
92%
8 000 000Yemen40%
92%
2 000 000Saudi Arabia6%
91%
6 000 000Turkey10%
90%
5 590 000Azerbaijan55%
82%
2 100 000Lebanon31%
75%
700 000Kuwait20%
71%
500 000Bahrain65%
60%
2 000 000Nigeria<1%
52%
1 500 000Tanzania3%
23%

Score Distribution

Percentile by Number Answered

Percent of People with Each Score

Your Score History

You have not taken this quiz